[Event "Championnat de France des Jeunes - Cade"]
[Site "TROYES"]
[Date "2010.04.17"]
[Round "8.2"]
[White "Klipper, Noemie"]
[Black "Copin, Oceane"]
[Result "1-0"]
[WhiteElo "1872"]
[BlackElo "1871"]
[PlyCount "109"]

1. d4 d5 2. c4 c6 3. Nf3 Nf6 4. Nc3 e6 5. cxd5 exd5 6. Qc2 Bb4 7. Bg5 Nbd7 8.
e3 O-O 9. Bd3 Re8 10. Bxh7+ Kh8 11. Bd3 Qa5 12. O-O Bxc3 13. Qxc3 Qc7 14. Bf4
Qd8 15. Ng5 Kg8 16. Qc2 Qe7 17. Qe2 Nf8 18. h3 Ne4 19. Nxe4 dxe4 20. Bc2 Ne6
21. Bg3 Qg5 22. Bxe4 f5 23. Bc2 Nxd4 24. Qc4+ Ne6 25. Rad1 Kh8 26. Bb3 Qf6 27.
Rd2 Nd8 28. Qh4+ Qxh4 29. Bxh4 Be6 30. Rfd1 Bxb3 31. axb3 Ne6 32. b4 g5 33. Bg3
Rad8 34. Be5+ Kg8 35. Rd6 Kf8 36. Kf1 Ke7 37. Ke2 Rxd6 38. Rxd6 Rd8 39. Rxd8
Nxd8 40. Kd3 Ne6 41. g4 fxg4 42. hxg4 Nf8 43. Bd4 b6 44. f4 gxf4 45. exf4 Nd7
46. Ke4 Kf7 47. f5 Ke7 48. g5 Kf7 49. g6+ Ke7 50. Kf4 c5 51. bxc5 bxc5 52. Bc3
c4 53. Kg5 a6 54. f6+ Kf8 55. Kf5 1-0

[Event "Championnat de France des Jeunes - Cade"]
[Site "TROYES"]
[Date "2010.04.17"]
[Round "8.3"]
[White "Lefevre, Margaux"]
[Black "Muller, Marion"]
[Result "1-0"]
[WhiteElo "2036"]
[BlackElo "1943"]
[PlyCount "163"]

1. e4 c6 2. c4 d5 3. cxd5 cxd5 4. exd5 Nf6 5. Qa4+ Nbd7 6. Nc3 g6 7. Nf3 Bg7 8.
Bc4 O-O 9. d3 a6 10. Qa3 Nb6 11. Qb3 Nbd7 12. a4 b6 13. O-O Bb7 14. d4 Rc8 15.
Re1 Ne8 16. Bg5 Ndf6 17. Ne5 Nd6 18. Nc6 Bxc6 19. dxc6 Rxc6 20. Bxa6 Nf5 21. d5
Rc5 22. Rad1 h6 23. Bxf6 exf6 24. Ne4 Ra5 25. Bb5 Nd6 26. Bc6 Nc8 27. Qa3 f5
28. Nc3 Rc5 29. Nb5 Ne7 30. b4 Rc2 31. Qb3 Rb2 32. Qe3 Nxc6 33. dxc6 Qa8 34.
Qxb6 Qxa4 35. c7 Qxb4 36. Qd6 Qxb5 37. Qxf8+ Bxf8 38. c8=Q Qb6 39. Rf1 Kg7 40.
Qc3+ Kg8 41. Qe5 Ra2 42. Qe8 Ra7 43. h3 Qc7 44. Rfe1 Kg7 45. Rd8 Qc5 46. Red1
Ra2 47. R1d4 Ra1+ 48. Kh2 Ra6 49. R8d7 Rf6 50. Kg1 Qc1+ 51. Rd1 Qc5 52. g3 f4
53. R7d5 Qc2 54. gxf4 Rxf4 55. Qe5+ Rf6 56. Qd4 Qb3 57. Rd3 Qb1+ 58. Kg2 Qc1
59. Rf3 Be7 60. Rb5 Qc6 61. Rd5 Qc1 62. h4 Qc6 63. Kh2 Bd6+ 64. Kg1 Be7 65. Kg2
Qe6 66. Re5 Qc6 67. Re4 Bc5 68. Qe5 Bb6 69. Ref4 Bd8 70. Kh3 Qd7+ 71. Kg2 Qe7
72. Qc3 Qe6 73. Qd4 Be7 74. Re4 Qd6 75. Qc3 Bd8 76. Rd3 Qb6 77. f3 Bc7 78. Rc4
Bd8 79. Rc6 Qb8 80. Rdd6 Qa8 81. Rxf6 Qxc6 82. Rxc6+ 1-0

[Event "Championnat de France des Jeunes - Cade"]
[Site "TROYES"]
[Date "2010.04.17"]
[Round "8.4"]
[White "De Seroux, Camille"]
[Black "Armas, Lena"]
[Result "1-0"]
[WhiteElo "2019"]
[BlackElo "1816"]
[PlyCount "37"]

1. e4 e5 2. Nf3 Nc6 3. d4 exd4 4. Nxd4 d6 5. Nc3 Nf6 6. Be2 Be7 7. O-O Nxd4 8.
Qxd4 O-O 9. Kh1 Be6 10. f4 d5 11. e5 c5 12. Qf2 Ng4 13. Bxg4 Bxg4 14. f5 d4 15.
Ne4 Qd5 16. Qf4 Be2 17. Re1 Bb5 18. f6 Bd8 19. Qg5 1-0

[Event "Championnat de France des Jeunes - Cade"]
[Site "TROYES"]
[Date "2010.04.17"]
[Round "8.5"]
[White "Auvray, Juliette"]
[Black "Jeannerot, Lea"]
[Result "1-0"]
[WhiteElo "1974"]
[BlackElo "2030"]
[PlyCount "51"]

1. e4 c6 2. d4 d5 3. Nc3 dxe4 4. Nxe4 Nd7 5. Ng5 Ndf6 6. Bd3 h6 7. Nxf7 Kxf7 8.
Nf3 g5 9. Ne5+ Kg7 10. c3 e6 11. h4 g4 12. Bc2 h5 13. Qd3 Qe8 14. Qe3 Nh7 15.
Bg6 Qxg6 16. Nxg6 Kxg6 17. f3 Nhf6 18. fxg4 Nxg4 19. Qg5+ Kf7 20. O-O+ N8f6 21.
Bf4 b6 22. Be5 Be7 23. Bxf6 Bxf6 24. Rxf6+ Nxf6 25. Rf1 Rg8 26. Qxf6+ 1-0

[Event "Championnat de France des Jeunes - Cade"]
[Site "TROYES"]
[Date "2010.04.17"]
[Round "8.6"]
[White "Thuret, Marine"]
[Black "Macarry, Elodie"]
[Result "1-0"]
[WhiteElo "1832"]
[BlackElo "1898"]
[PlyCount "57"]

1. Nc3 d5 2. d4 c6 3. e4 dxe4 4. f3 exf3 5. Nxf3 Nf6 6. Be3 Bg4 7. h3 Bxf3 8.
Qxf3 e6 9. Bd3 Nbd7 10. O-O Qa5 11. Ne4 h6 12. c4 O-O-O 13. a3 Nxe4 14. Bxe4
Nf6 15. b4 Qc7 16. Bc2 Bd6 17. Rfc1 Rde8 18. Ba4 e5 19. d5 e4 20. Qe2 Be5 21.
Rab1 Rd8 22. Kh1 a6 23. b5 axb5 24. cxb5 Nxd5 25. bxc6 Qa5 26. cxb7+ Kb8 27.
Rc8+ Rxc8 28. bxc8=Q+ Kxc8 29. Qg4+ 1-0

[Event "Championnat de France des Jeunes - Cade"]
[Site "TROYES"]
[Date "2010.04.17"]
[Round "8.7"]
[White "Hourlier, Claire"]
[Black "Uhl, Sarah"]
[Result "1-0"]
[WhiteElo "1915"]
[BlackElo "1714"]
[PlyCount "61"]

1. e4 c5 2. d3 Nc6 3. g3 g6 4. Bg2 Bg7 5. Nh3 e6 6. O-O Nge7 7. Nd2 O-O 8. f4
d6 9. Nf2 Rb8 10. h4 b5 11. h5 Bb7 12. Nf3 f5 13. Ng5 Qd7 14. hxg6 hxg6 15. c3
Rfe8 16. Bf3 Bh6 17. Nfh3 d5 18. e5 d4 19. Qb3 Bc8 20. Qc2 Bb7 21. Rd1 Nd5 22.
Qb3 Na5 23. Qa3 Qc7 24. cxd4 b4 25. Qa4 cxd4 26. Rd2 Ba8 27. Rh2 Bc6 28. Qd1
Qd7 29. Be2 Ba4 30. Qe1 Rbc8 31. Nf3 1-0

[Event "Championnat de France des Jeunes - Cade"]
[Site "TROYES"]
[Date "2010.04.17"]
[Round "8.8"]
[White "Josse, Mathilde"]
[Black "Kohi, Camilla"]
[Result "0-1"]
[WhiteElo "1688"]
[BlackElo "1824"]
[PlyCount "152"]

1. e4 e6 2. d4 d5 3. Nd2 Nf6 4. e5 Nfd7 5. Bd3 c5 6. c3 Nc6 7. Ne2 Qb6 8. Nf3
Be7 9. O-O cxd4 10. cxd4 O-O 11. b3 f6 12. exf6 Nxf6 13. Bf4 Nh5 14. Bg3 Nxg3
15. Nxg3 Bf6 16. Ne2 Kh8 17. Bc2 Nb4 18. Bb1 Bd7 19. a3 Nc6 20. Qd3 g6 21. Nf4
Ne7 22. Qd2 Bg7 23. Bc2 Nf5 24. Ne2 Bb5 25. Rfe1 Bxe2 26. Rxe2 Nxd4 27. Nxd4
Bxd4 28. Rd1 e5 29. b4 Rac8 30. Bb3 Qc6 31. h3 Rfd8 32. Qa2 Rd6 33. Rc2 Qd7 34.
Rxc8+ Qxc8 35. Bxd5 Qd7 36. Bb3 Bxf2+ 37. Qxf2 Rxd1+ 38. Bxd1 Qxd1+ 39. Kh2 Kg7
40. Qxa7 Qd5 41. Qb6 e4 42. Qc7+ Kh6 43. Qf4+ Kg7 44. Qc7+ Kf6 45. Qf4+ Ke6 46.
Qg4+ Qf5 47. Qe2 Qe5+ 48. Kh1 e3 49. Qc4+ Kf6 50. Qh4+ Kg7 51. Qe1 Qd4 52. Kh2
Qd2 53. Qh4 Qd6+ 54. Qg3 Qe7 55. Qe1 Kf6 56. Qf1+ Ke6 57. Qc4+ Kd7 58. Qb5+ Kc8
59. Qc4+ Kb8 60. Qe2 Qd6+ 61. Kh1 Qd2 62. Qf3 Qf2 63. Qe4 e2 64. Qe8+ Kc7 65.
Qe7+ Kc6 66. Qe6+ Kb5 67. Qd5+ Ka4 68. Qa5+ Kb3 69. Qd5+ Kxa3 70. Qa5+ Kb3 71.
Qd5+ Kc3 72. Qe5+ Kd3 73. Qd5+ Qd4 74. Qb3+ Kd2 75. Qa2+ Ke1 76. Qc2 Kf1 0-1

[Event "Championnat de France des Jeunes - Cade"]
[Site "TROYES"]
[Date "2010.04.17"]
[Round "8.9"]
[White "Dubois, Emmanuelle"]
[Black "Flachet, Jade"]
[Result "1-0"]
[WhiteElo "1811"]
[BlackElo "1410"]
[PlyCount "47"]

1. e4 c6 2. d4 d5 3. exd5 cxd5 4. Bd3 Nc6 5. c3 Nf6 6. Bf4 g6 7. Qc2 Bg7 8. Nd2
O-O 9. Ngf3 Re8 10. O-O Nh5 11. Bg3 Nxg3 12. fxg3 Qc7 13. Ng5 f5 14. Rae1 Qb6
15. g4 Nxd4 16. cxd4 Qxd4+ 17. Kh1 Qxg4 18. Ndf3 Qb4 19. b3 Qc3 20. Qe2 Qc7 21.
Bb5 Bd7 22. Ne6 Bxb5 23. Nxc7 Bxe2 24. Rxe2 1-0

[Event "Championnat de France des Jeunes - Cade"]
[Site "TROYES"]
[Date "2010.04.17"]
[Round "8.10"]
[White "Daif, Sarah"]
[Black "Saucey, Capucine"]
[Result "1/2-1/2"]
[WhiteElo "1643"]
[BlackElo "1798"]
[PlyCount "134"]

1. d4 Nf6 2. Nf3 e6 3. Bf4 d5 4. e3 b6 5. Nbd2 Bb7 6. h3 Nbd7 7. Bd3 c5 8. c3
Be7 9. O-O O-O 10. Ne5 Nxe5 11. Bxe5 Nd7 12. Bg3 f5 13. c4 dxc4 14. Bxc4 Rf6
15. Qh5 Kh8 16. Qe2 Rg6 17. Ba6 Bc6 18. Bb5 Bb7 19. Ba6 Bxa6 20. Qxa6 cxd4 21.
exd4 Nf6 22. Be5 Qd5 23. f3 Nd7 24. Qc4 Qa5 25. Qc6 Rd8 26. Nb3 Qa6 27. Qc2
Nxe5 28. dxe5 Qb5 29. Rfe1 a5 30. Qc7 Bh4 31. Kh1 h6 32. Qf7 Kh7 33. Red1 Qe2
34. Qxg6+ Kxg6 35. Rxd8 Bxd8 36. f4 Qxb2 37. Rd1 Qxa2 38. Nxa5 Qxa5 39. Rxd8 b5
40. Rb8 b4 41. Kh2 Qa4 42. Rb6 Kf7 43. Rb7+ Kg8 44. Rb6 b3 45. Rxe6 Qxf4+ 46.
g3 Qf2+ 47. Kh1 Qxg3 48. Rb6 Qxe5 49. Rxb3 Qd5+ 50. Kh2 Qxb3 51. Kg2 g5 52. Kh2
h5 53. Kg2 g4 54. h4 Qh3+ 55. Kg1 Qxh4 56. Kf1 f4 57. Kg1 g3 58. Kf1 Qd8 59.
Kg2 h4 60. Kf3 Qg5 61. Ke4 h3 62. Kd4 f3 63. Ke4 f2 64. Kd4 f1=Q 65. Ke4 g2 66.
Kd4 g1=Q+ 67. Ke4 h2 1/2-1/2

[Event "Championnat de France des Jeunes - Mini"]
[Site "TROYES"]
[Date "2010.04.17"]
[Round "8.1"]
[White "Eden, James"]
[Black "Loiseau, Quentin"]
[Result "1/2-1/2"]
[WhiteElo "2047"]
[BlackElo "2185"]
[PlyCount "0"]

1. e4 c5 2. c3 d5 3. exd5 Qxd5 4. d4 g6 5. Nf3 Bg7 6. Be3 cxd4 7. cxd4 Nh6 8.
Nc3 Qa5 9. Be2 Nf5 10. O-O O-O 11. Qb3 Nc6 12. Rad1 Nxe3 13. fxe3 b6 14. a3 Ba6
15. Bxa6 Qxa6 16. Ng5 e6 17. Nxf7 Nxd4 18. exd4 Rxf7 19. Rxf7 Kxf7 20. Nb5 Rd8
21. Rf1+ Kg8 22. Qxe6+ Kh8 23. Qe7 Rg8 24. Qd7 Qa4 25. Qd5 a6 26. Nc3 Qxd4+ 27.
Qxd4 Bxd4+ 28. Kh1 Kg7 29. g3 b5 30. Kg2 Rc8 31. Rf3 Bxc3 32. Rxc3 Rxc3 33.
bxc3 Kf6 34. Kf3 Ke5 35. Ke3 Kd5 36. Kd3 a5 37. Kc2 Kc4 38. Kb2 a4 39. Kc2 g5
40. g4 Kc5 41. Kd2 Kd6 42. Ke2 Kc6 43. Ke3 Kd5 44. Kd3 Kc5 45. Kd2 Kd6 46. Ke2
Ke6 47. Kd2 Ke5 1/2-1/2

[Event "Championnat de France des Jeunes - Mini"]
[Site "TROYES"]
[Date "2010.04.17"]
[Round "8.2"]
[White "Muheim, Sebastien"]
[Black "Barbot, Pierre"]
[Result "1/2-1/2"]
[WhiteElo "2053"]
[BlackElo "2111"]
[PlyCount "100"]

1. e4 c5 2. d3 Nc6 3. g3 g6 4. Bg2 Bg7 5. f4 d6 6. Nf3 e6 7. O-O Nge7 8. c3 Qb6
9. Na3 O-O 10. Qe2 e5 11. Nc4 Qc7 12. f5 gxf5 13. Nh4 fxe4 14. dxe4 f5 15. Qh5
Be6 16. Ne3 Bf7 17. Qd1 fxe4 18. Bxe4 Qd7 19. Ng4 Bc4 20. Rf3 Kh8 21. Bg5 Qe6
22. Ne3 d5 23. Bf5 Nxf5 24. Nexf5 d4 25. Rf2 e4 26. Qg4 e3 27. Bxe3 Rf7 28.
cxd4 cxd4 29. Bd2 Raf8 30. Re1 Ne7 31. Qh5 Qb6 32. Nxg7 Rxf2 33. Qe5 Qf6 34.
Bf4 Rxf4 35. gxf4 Qxg7+ 36. Qxg7+ Kxg7 37. Rxe7+ Rf7 38. Re4 Bxa2 39. Rxd4 Be6
40. Nf3 Rd7 41. Rb4 Kf6 42. Ne5 Rc7 43. Kf2 Kf5 44. Ke3 a6 45. Nf3 Bd5 46. Nd4+
Kf6 47. Rb6+ Kf7 48. Nf5 Bc6 49. Nd6+ Ke7 50. Nc4 Bh1 1/2-1/2

[Event "Championnat de France des Jeunes - Mini"]
[Site "TROYES"]
[Date "2010.04.19"]
[Round "8.3"]
[White "Ane, Cedric"]
[Black "Ider, Borya"]
[Result "0-1"]
[WhiteElo "2106"]
[BlackElo "2283"]
[PlyCount "66"]

1. e4 e6 2. d4 d5 3. Nc3 Bb4 4. Qd3 Ne7 5. Nge2 b6 6. a3 Bxc3+ 7. Nxc3 Ba6 8.
Qg3 Bxf1 9. Rxf1 Ng6 10. Bg5 f6 11. Bf4 Nxf4 12. Qxf4 O-O 13. O-O-O Qd7 14. h4
Nc6 15. h5 h6 16. exd5 exd5 17. g4 Rfe8 18. Qg3 Na5 19. f4 Nc4 20. Rd3 Qf7 21.
Rdf3 c5 22. g5 cxd4 23. Nb5 Re4 24. b3 Ne3 25. Rg1 fxg5 26. fxg5 Qxh5 27. Qf2
Ng4 28. Qd2 hxg5 29. Nxd4 Rc8 30. Nf5 Re5 31. Qd4 Qh2 32. c3 Ne3 33. Rg2 Qh1+
0-1

[Event "Championnat de France des Jeunes - Mini"]
[Site "TROYES"]
[Date "2010.04.19"]
[Round "8.4"]
[White "Leriche, Luc"]
[Black "Domenech, Vianney"]
[Result "0-1"]
[WhiteElo "1993"]
[BlackElo "2050"]
[PlyCount "38"]

1. e4 d5 2. exd5 Qxd5 3. Nf3 Bg4 4. Be2 Nc6 5. d4 O-O-O 6. Be3 Nh6 7. Nc3 Qd7
8. d5 Nb4 9. Bxh6 gxh6 10. a3 Nxd5 11. Qd4 Bxf3 12. Qxh8 Bxe2 13. Nxe2 Nf4 14.
Nxf4 Qd2+ 15. Kf1 Qxf4 16. Qc3 Rd2 17. f3 Bg7 18. Qc5 Bd4 19. Qa5 Rf2+ 0-1

[Event "Championnat de France des Jeunes - Mini"]
[Site "TROYES"]
[Date "2010.04.17"]
[Round "8.5"]
[White "Saatdjian, Stephane"]
[Black "Rachid, Danial"]
[Result "0-1"]
[WhiteElo "1991"]
[BlackElo "2040"]
[Annotator "Rivier,Sylvain"]
[PlyCount "63"]

1. e4 e6 2. d4 d5 3. Nc3 Bb4 4. e5 c5 5. dxc5 Nd7 6. Nf3 Qc7 7. Be3 Nxe5 8.
Nxe5 Qxe5 9. Bb5+ Kf8 10. O-O Nf6 11. a3 Ba5 12. Ne2 Qxb2 13. Rb1 Qe5 14. Bf4
Qh5 15. Bd6+ Kg8 16. f3 Qg5 17. Bf4 Qh5 18. c3 Bd7 19. Bd3 b6 20. Kf2 bxc5 21.
g4 Qh4+ 22. Bg3 Qh6 23. h4 g5 24. Qc1 Ne8 25. Qxg5+ Qxg5 26. hxg5 Bb6 27. Kg2
h5 28. Be5 Ng7 29. Rh1 Bc6 30. gxh5 Nf5 31. g6 Ne3+ 32. Kg3 {suite illisible}
0-1

[Event "Championnat de France des Jeunes - Mini"]
[Site "TROYES"]
[Date "2010.04.17"]
[Round "8.6"]
[White "Feryn, Benjamin"]
[Black "Gueriche, Guillaume"]
[Result "1-0"]
[WhiteElo "1985"]
[BlackElo "2035"]
[PlyCount "33"]

1. e4 e6 2. d4 d5 3. Nc3 Bb4 4. e5 Ne7 5. Bd2 c5 6. a3 Bxc3 7. Bxc3 Nbc6 8. Nf3
cxd4 9. Nxd4 Nxe5 10. Nxe6 fxe6 11. Bxe5 O-O 12. Bd3 Nc6 13. Qh5 Rf5 14. Bxf5
exf5 15. Qe2 b6 16. O-O d4 17. Qc4+ 1-0

[Event "Championnat de France des Jeunes - Mini"]
[Site "TROYES"]
[Date "2010.04.17"]
[Round "8.7"]
[White "Aubry, Yannis"]
[Black "Netzer, Jacques"]
[Result "1-0"]
[WhiteElo "1965"]
[BlackElo "2215"]
[PlyCount "71"]

1. d4 Nf6 2. Nf3 g6 3. b4 Bg7 4. Bb2 d6 5. c4 O-O 6. e3 Nbd7 7. Be2 e5 8. Nc3
c6 9. O-O e4 10. Nd2 d5 11. Qb3 Nb6 12. cxd5 cxd5 13. a4 Be6 14. a5 Nc8 15.
Rfc1 Ne7 16. b5 Nf5 17. b6 a6 18. Na4 h5 19. Rc7 Rb8 20. Nc5 Bc8 21. Rc1 Nh7
22. Rxc8 Rxc8 23. Ra1 Rb8 24. Bxa6 Ng5 25. Bxb7 Rxb7 26. Nxb7 Qc8 27. Nc5 Nh4
28. Qd1 Ne6 29. Nxe6 fxe6 30. a6 Nxg2 31. Kxg2 Qb8 32. Nf1 Qxb6 33. Ba3 Ra8 34.
Bc5 Qd8 35. a7 Qg5+ 36. Kh1 1-0

[Event "Championnat de France des Jeunes - Mini"]
[Site "TROYES"]
[Date "2010.04.17"]
[Round "8.9"]
[White "Boure, Hugo"]
[Black "Peyre, Thomas"]
[Result "1-0"]
[WhiteElo "1877"]
[BlackElo "2074"]
[PlyCount "110"]

1. e4 c5 2. Nf3 d6 3. d4 cxd4 4. Nxd4 Nf6 5. Nc3 a6 6. Be3 e5 7. Nf3 Be7 8. Bc4
Be6 9. Qe2 Qc8 10. Bxe6 fxe6 11. h4 b5 12. a3 Nc6 13. Rd1 Na5 14. Bc1 O-O 15.
Ng5 Ra7 16. Qe3 Rc7 17. Qh3 Rc4 18. Nxe6 Re8 19. O-O Nxe4 20. Nxe4 Rxe4 21. Qd3
Rxh4 22. Bg5 Qxe6 23. Bxh4 Bxh4 24. Qxd6 Nc4 25. Qc7 Rc8 26. Qd7 Qxd7 27. Rxd7
Nxb2 28. Ra7 Rc6 29. Rb1 Nc4 30. a4 Rb6 31. g3 Bf6 32. axb5 axb5 33. Rc7 Nd6
34. c4 Rb8 35. c5 Nc4 36. c6 Na5 37. Rc1 Nb3 38. Rc3 Nd4 39. Rb7 Nxc6 40. Rxb8+
Nxb8 41. Rc8+ Kf7 42. Rxb8 Kg6 43. Rxb5 Kf5 44. Kg2 Ke4 45. Rb4+ Kd3 46. Kf3 h5
47. Rb7 e4+ 48. Kf4 Ke2 49. Ra7 g5+ 50. Kxe4 Kxf2 51. g4 Bc3 52. gxh5 g4 53.
Ra2+ Kg3 54. Ra3 Kh4 55. Rxc3 Kxh5 1-0

[Event "Championnat de France des Jeunes - Mini"]
[Site "TROYES"]
[Date "2010.04.17"]
[Round "8.10"]
[White "Romero, Vladimir"]
[Black "Roubaud, Alexandre"]
[Result "0-1"]
[WhiteElo "1813"]
[BlackElo "2054"]
[PlyCount "78"]

1. e4 e5 2. Nf3 Nc6 3. Bc4 Bc5 4. b4 Bxb4 5. c3 Ba5 6. d4 exd4 7. O-O Nge7 8.
Ng5 d5 9. exd5 Ne5 10. Qxd4 f6 11. Bb3 Bb6 12. Ba4+ c6 13. dxc6 Bxd4 14. cxb7+
Bd7 15. Ne6 Bb6 16. Nxd8 Rxd8 17. Rd1 Bc7 18. Bxd7+ Rxd7 19. Rxd7 Kxd7 20. Nd2
Rb8 21. Nb3 Nc4 22. Rb1 Nd5 23. Be3 Ndxe3 24. fxe3 Bb6 25. a4 Kc7 26. Kf1 Rxb7
27. Ke2 Bc5 28. Kd3 Na5 29. Nd2 Rxb1 30. Nxb1 Bd6 31. h3 Nb7 32. Kc4 Kc6 33.
Nd2 Nc5 34. a5 Bc7 35. Kb4 Nd3+ 36. Ka4 Kc5 37. h4 f5 38. Nf3 Kc4 39. Nd4 Bd6
0-1

[Event "Championnat de France des Jeunes - Mini"]
[Site "TROYES"]
[Date "2010.04.17"]
[Round "8.1"]
[White "Lenoel, Marine"]
[Black "Eid, Maha"]
[Result "1/2-1/2"]
[WhiteElo "1718"]
[BlackElo "2003"]
[PlyCount "0"]

1. e4 c5 2. Nc3 e6 3. d3 d5 4. g3 Nc6 5. Bg2 dxe4 6. Nxe4 Be7 7. Ne2 Nf6 8. O-O
Qc7 9. N2c3 a6 10. a4 b6 1/2-1/2

[Event "Championnat de France des Jeunes - Mini"]
[Site "TROYES"]
[Date "2010.04.17"]
[Round "8.2"]
[White "Neuhauser, Salome"]
[Black "Afraoui, Solenn"]
[Result "1-0"]
[WhiteElo "2014"]
[BlackElo "1851"]
[PlyCount "35"]

1. e4 c5 2. Nf3 d6 3. Bb5+ Bd7 4. Bxd7+ Qxd7 5. O-O Nc6 6. Qe2 g6 7. Rd1 Bg7 8.
c3 e5 9. Na3 Nge7 10. Nc2 f5 11. d4 fxe4 12. Ng5 d5 13. dxc5 Qf5 14. Ne3 Qxg5
15. Nxd5 Qf5 16. Nc7+ Kf7 17. Qc4+ Kf6 18. Rd6+ 1-0

[Event "Championnat de France des Jeunes - Mini"]
[Site "TROYES"]
[Date "2010.04.17"]
[Round "8.3"]
[White "Aggoune, Audessa"]
[Black "Monpeurt, Cyrielle"]
[Result "0-1"]
[WhiteElo "1666"]
[BlackElo "1855"]
[PlyCount "118"]

1. d4 Nf6 2. Nf3 c5 3. c3 g6 4. Bg5 Bg7 5. dxc5 Na6 6. g3 Nxc5 7. Bg2 O-O 8.
O-O Ne6 9. Nbd2 d6 10. Qc2 Nxg5 11. Nxg5 h6 12. Ngf3 Qb6 13. a4 Bd7 14. Rfd1
Rac8 15. e3 d5 16. Qb3 Qc7 17. Nd4 e5 18. Nb5 Qc5 19. Nf3 Rfe8 20. Ne1 e4 21.
Nc2 Bg4 22. Rd2 a6 23. Nbd4 Rc7 24. Bf1 Nd7 25. Ne2 Be6 26. Nf4 Ne5 27. Be2 g5
28. Nxe6 fxe6 29. Nd4 Rf7 30. Bh5 Qc7 31. Bxf7+ Qxf7 32. Qd1 Nd3 33. Ra2 Rf8
34. b4 h5 35. b5 a5 36. Qe2 Nc1 37. Qd1 Nxa2 38. Rxa2 e5 39. Nb3 b6 40. Rd2 g4
41. Kf1 Bh6 42. Kg1 Kh8 43. Qc2 Bxe3 44. Re2 Bh6 45. Nc1 e3 46. Nd3 exf2+ 47.
Nxf2 e4 48. Re1 Qf3 49. Qb2 e3 50. Nd3 Qf5 51. Qe2 Qf3 52. Qb2 Bg7 53. Qc2 d4
54. Nf4 Rf7 55. cxd4 Bxd4 56. Qc8+ Kh7 57. Qc2+ Kg7 58. Qg6+ Kf8 59. Qd6+ Kg8
0-1

[Event "Championnat de France des Jeunes - Mini"]
[Site "TROYES"]
[Date "2010.04.17"]
[Round "8.4"]
[White "Ruhlmann, Helene"]
[Black "Gan, Grace"]
[Result "1/2-1/2"]
[WhiteElo "1816"]
[BlackElo "1652"]
[PlyCount "116"]

1. e4 c6 2. d4 d5 3. Nc3 dxe4 4. Nxe4 Nf6 5. Nxf6+ gxf6 6. Ne2 Bf5 7. Ng3 Bg6
8. h4 h5 9. Be2 Qa5+ 10. c3 Nd7 11. a4 e6 12. b4 Qc7 13. a5 Bd6 14. Nxh5 e5 15.
dxe5 Bxe5 16. Bd2 O-O-O 17. a6 b6 18. O-O Nf8 19. Rc1 Bxh5 20. Bxh5 Bf4 21.
Qg4+ Ne6 22. Bxf4 Qxf4 23. g3 Qxg4 24. Bxg4 Rdg8 25. Bf3 Kc7 26. Kh2 f5 27. Rh1
f4 28. Kg2 fxg3 29. fxg3 Nf4+ 30. Kh2 Nd3 31. Rc2 Ne5 32. Kg2 f5 33. Kf2 Nd3+
34. Kg2 Nf4+ 35. Kh2 Nd3 36. Rd2 Ne5 37. Kg2 f4 38. Rh3 Rxg3+ 39. Rxg3 fxg3 40.
Kxg3 Nxf3 41. Kxf3 Rxh4 42. Ke3 Rh3+ 43. Kd4 Rh5 44. Kc4 b5+ 45. Kb3 Kb6 46.
Ra2 Rh1 47. Ra3 Rh2 48. Ra1 c5 49. bxc5+ Kxc5 50. Ra2 Rh3 51. Rc2 Rh4 52. Ra2
Rh3 53. Rc2 b4 54. Kb2 bxc3+ 55. Rxc3+ Rxc3 56. Kxc3 Kb5 57. Kb3 Kxa6 58. Ka4
Kb6 1/2-1/2

[Event "Championnat de France des Jeunes - Mini"]
[Site "TROYES"]
[Date "2010.04.17"]
[Round "8.5"]
[White "Dubois, Marie"]
[Black "Richier, Lucie"]
[Result "0-1"]
[WhiteElo "1616"]
[BlackElo "1660"]
[PlyCount "38"]

1. d4 d5 2. c4 e6 3. Nc3 c5 4. cxd5 exd5 5. Nf3 Nc6 6. g3 Nf6 7. Bg2 Be7 8. O-O
O-O 9. dxc5 d4 10. Nb5 Bxc5 11. Bg5 Bf5 12. Rc1 Bb6 13. Nh4 Bd7 14. Qd3 h6 15.
Bxf6 Qxf6 16. Rfd1 Ne5 17. Qb3 d3 18. e3 Bg4 19. Rd2 g5 0-1

[Event "Championnat de France des Jeunes - Mini"]
[Site "TROYES"]
[Date "2010.04.17"]
[Round "8.6"]
[White "Alonso, Audrey"]
[Black "Bogen, Fanny"]
[Result "1-0"]
[WhiteElo "1782"]
[BlackElo "1710"]
[PlyCount "79"]

1. e4 c5 2. c4 e6 3. Nc3 Nf6 4. g3 Be7 5. Bg2 O-O 6. Nge2 Nc6 7. O-O b6 8. f4
Bb7 9. d3 Nd4 10. e5 Bxg2 11. exf6 Bxf1 12. fxe7 Nxe2+ 13. Nxe2 Qxe7 14. Qxf1
d5 15. Nc3 dxc4 16. dxc4 Rad8 17. Be3 f5 18. Re1 h6 19. Qf3 Rd3 20. Qe2 Rfd8
21. Nd5 exd5 22. Qxd3 d4 23. Bd2 Qf6 24. b4 g5 25. bxc5 bxc5 26. Re5 Rf8 27.
Rxc5 Kg7 28. Rd5 Kg6 29. Qxd4 Qxd4+ 30. Rxd4 Rb8 31. Rd6+ Kh5 32. c5 Rb1+ 33.
Kf2 Rb2 34. a3 Ra2 35. c6 Rxa3 36. c7 gxf4 37. gxf4 Rh3 38. c8=Q Rxh2+ 39. Kf3
Rf2+ 40. Kxf2 1-0

[Event "Championnat de France des Jeunes - Mini"]
[Site "TROYES"]
[Date "2010.04.17"]
[Round "8.7"]
[White "Haller, Noemie"]
[Black "Aflalo, Sophie"]
[Result "0-1"]
[WhiteElo "1650"]
[BlackElo "2041"]
[PlyCount "74"]

1. e4 c5 2. Nf3 Nc6 3. d4 cxd4 4. Nxd4 Nf6 5. Nc3 e5 6. Ndb5 d6 7. Bg5 a6 8.
Na3 b5 9. Nd5 Be7 10. Bxf6 Bxf6 11. c3 Bg5 12. Nc2 O-O 13. a4 bxa4 14. Rxa4 a5
15. Bc4 Rb8 16. Ra2 g6 17. Nce3 Kh8 18. O-O Bh6 19. Qa4 Bd7 20. Bb5 Rc8 21.
Bxc6 Bxc6 22. Qxa5 Qh4 23. Re1 Qxe4 24. Qb4 Bxd5 25. Nxd5 Qxd5 26. Ra5 Qd2 27.
Qb3 Rb8 28. Rb5 Ra8 29. Rd1 Qe2 30. Rbd5 Rab8 31. Qa3 Rxb2 32. Qa7 Bd2 33. Rf1
Bxc3 34. Rxd6 Bd4 35. Qe7 Bxf2+ 36. Rxf2 Qxf2+ 37. Kh1 Qf1# 0-1

[Event "Championnat de France des Jeunes - Mini"]
[Site "TROYES"]
[Date "2010.04.17"]
[Round "8.8"]
[White "Turquetille, Annabelle"]
[Black "Colin, Phanie"]
[Result "1/2-1/2"]
[WhiteElo "1630"]
[BlackElo "1830"]
[PlyCount "39"]

1. e4 e5 2. Nf3 Nc6 3. Nc3 Nf6 4. Bb5 d6 5. Bxc6+ bxc6 6. d4 exd4 7. Qxd4 c5 8.
Qd3 Be7 9. Bg5 h6 10. Bh4 Bg4 11. Rd1 O-O 12. O-O Qb8 13. b3 Qb7 14. h3 Bh5 15.
Bxf6 Bxf6 16. Qd5 Qxd5 17. Nxd5 Bxf3 18. Nxf6+ gxf6 19. gxf3 Kh7 20. Kh2
1/2-1/2

[Event "Championnat de France des Jeunes - Mini"]
[Site "TROYES"]
[Date "2010.04.17"]
[Round "8.9"]
[White "Griggio, Julie"]
[Black "Daadaa, Soha"]
[Result "1/2-1/2"]
[WhiteElo "1816"]
[BlackElo "1576"]
[Annotator "Rivier,Sylvain"]
[PlyCount "64"]

1. e4 e6 2. d4 d5 3. e5 c5 4. c3 Qb6 5. Nf3 Nc6 6. a3 Bd7 7. b4 cxd4 8. cxd4
Rc8 9. Bb2 Na5 10. Nbd2 Nc4 11. Nxc4 dxc4 12. Rc1 Qa6 13. Qc2 b5 14. Ng5 h6 15.
Ne4 Qb7 16. Be2 Bc6 17. Bf3 Bxe4 18. Qxe4 Qxe4+ 19. Bxe4 Ne7 20. O-O Nd5 21. f4
Be7 22. Rf3 O-O 23. g4 Rc7 24. Kf2 Rfc8 25. Bxd5 exd5 26. Bc3 Ra8 27. Rb1 Rb8
28. h3 Rb6 29. Kg3 Kh7 30. h4 Kg6 31. Bd2 Kh7 32. f5 Kg8 {suite illisible}
1/2-1/2

[Event "Championnat de France des Jeunes - Mini"]
[Site "TROYES"]
[Date "2010.04.17"]
[Round "8.10"]
[White "Verwaerde, Jolanthe"]
[Black "Henry, Laura"]
[Result "1/2-1/2"]
[WhiteElo "1520"]
[BlackElo "1680"]
[Annotator "Rivier,Sylvain"]
[PlyCount "80"]

1. e4 e5 2. Nf3 Nc6 3. d4 exd4 4. Bc4 Be7 5. Nxd4 Nf6 6. Nxc6 dxc6 7. Qxd8+
Bxd8 8. Nc3 O-O 9. O-O Re8 10. Re1 Bf5 11. f3 Bg6 12. Bf4 Kf8 13. Rad1 b5 14.
Bb3 a5 15. a4 Nh5 16. Be3 b4 17. Ne2 Nf6 18. Bc5+ Be7 19. Bxe7+ Rxe7 20. Nf4
Nd7 21. Nxg6+ hxg6 22. Bc4 Rae8 23. Kf2 Nb6 24. Bb3 c5 25. c4 Re6 26. Rd2 f5
27. Rde2 f4 28. Rd2 g5 29. h3 Kf7 30. Red1 Ke7 31. Ke2 Rd6 32. Rxd6 cxd6 33.
Kd3 Kf6 34. Bc2 Nd7 35. b3 Ke5 36. Rh1 Nf6 37. Bd1 Rh8 38. Bc2 g4 39. Bd1 gxh3
40. Rxh3 Nh5 {suite illisible} 1/2-1/2